Flagi afryki - Statystyki

Ogólne statystyki
  • Ten quiz został rozwiązany 46 razy
    41 od ostatniego zresetowania
  • Średni wynik to 37 z 54
Statystyki odpowiedzi
Obrazkowy Odpowiedź % Poprawnych
Egipt
97%
Maroko
97%
Algieria
94%
Czad
91%
Senegal
91%
Tunezja
91%
Niger
88%
Libia
85%
Mali
85%
Sudan
85%
Liberia
79%
Nigeria
79%
Angola
76%
Ghana
76%
RPA
73%
Somalia
73%
Botswana
70%
Etiopia
70%
Gwinea Bissau
70%
Kamerun
70%
Republika Środkowoafrykańska
70%
Burkina Faso
67%
Eswatini
67%
Lesotho
67%
Mauretania
67%
Mozambik
67%
Seszele
67%
WKS
67%
Zambia
67%
Sierra Leone
64%
Tanzania
64%
Togo
64%
Zimbabwe
64%
Dżibuti
61%
Erytrea
61%
Gabon
61%
Gambia
61%
Kenia
61%
Kongo
61%
Malawi
61%
Sudan Południowy
61%
Benin
58%
DRK
58%
Gwinea
58%
Komory
58%
Madagaskar
58%
Uganda
58%
Burundi
55%
Mauritius
55%
Rwanda
55%
Namibia
52%
Gwinea Równikowa
48%
Republika Zielonego Przylądka
48%
Wyspy św Tomasza i Książęca
15%
Nie znaleziono quizów pasujących do podanych kryteriów
Rozkład punktacji
Procent ludzi z każdym wynikiem
Percentyl według liczby udzielonych odpowiedzi
Twoja historia wyników
Nie rozwiązałeś tego quizu od ostatniego zresetowania